Don Alberione-Appunti per una biografia (Record n. 76247)

Dettagli MARC
000 -LEADER
fixed length control field 01110nam a2200301Ia 4500
001 - CONTROL NUMBER
control field 4804
003 - CONTROL NUMBER IDENTIFIER
control field IT-RoPAU
008 - FIXED-LENGTH DATA ELEMENTS--GENERAL INFORMATION
fixed length control field 130308s9999 xx 000 0 und d
040 ## - CATALOGING SOURCE
Original cataloging agency IT-RoPAU
040 ## - CATALOGING SOURCE
Transcribing agency IT-RoPAU
041 ## - LANGUAGE CODE
Language code of text/sound track or separate title ITALIANO
999 ## - SYSTEM CONTROL NUMBERS (KOHA)
Koha Dewey Subclass [OBSOLETE] SI
100 ## - MAIN ENTRY--PERSONAL NAME
Personal name Rolfo Luigi
100 ## - MAIN ENTRY--PERSONAL NAME
Miscellaneous information Codice Aut. SPICS: 1943
245 ## - TITLE STATEMENT
Title Don Alberione-Appunti per una biografia
245 ## - TITLE STATEMENT
Remainder of title Don Alberione-Appunti per una Biografia
250 ## - EDITION STATEMENT
Edition statement 1a ed.
260 ## - PUBLICATION, DISTRIBUTION, ETC. (IMPRINT)
Place of publication, distribution, etc. ALBA
260 ## - PUBLICATION, DISTRIBUTION, ETC. (IMPRINT)
Name of publisher, distributor, etc. Edizioni Paoline
260 ## - PUBLICATION, DISTRIBUTION, ETC. (IMPRINT)
Date of publication, distribution, etc. 1974 [1° Ed.:1974 - Ed.Ling.Originale:1974]
300 ## - PHYSICAL DESCRIPTION
Extent "402 p. (prefazione: no ; testo: 402)"
500 ## - GENERAL NOTE
General note Biografia di Don Giacomo Alberione incontro con I libri nel Seminario di Bra tra Il clero Albese al Servizio della Diocesi Il patto Il Granello di Senape Verso Il Largo forza nella Debolezza inizi della Casa di Roma Apostolato della Stampa Chiesa di San Paolo Evoluzione e Maturazione Nuovi Presepi Capitolo Generale nella Casa del Padre
650 ## - SUBJECT ADDED ENTRY--TOPICAL TERM
Topical term or geographic name as entry element STUDI SU GIACOMO ALBERIONE
650 ## - SUBJECT ADDED ENTRY--TOPICAL TERM
Relator term Codice materia Spics: 9902
942 ## - ADDED ENTRY ELEMENTS (KOHA)
Koha item type LIBRO
957 ## -
-- 1
999 ## - SYSTEM CONTROL NUMBERS (KOHA)
-- 1
Dati di copia
Withdrawn status Lost status Damaged status Not for loan Home library Current library Date acquired Total Checkouts Full call number Date last seen Price effective from Koha item type Public note
    Buone Condizioni Not For Loan SPICS-MEDIATECA SPICS-MEDIATECA 08/03/2013   4804 08/03/2013 08/03/2013 LIBRO Progressivo inserimento: 60304 / N. Volumi: 1 Copie: 1 Copia Rara: SI / data import: 1 marzo 2013 - By Epidotti, Trombetti, Vaglietti.
CREDITS: SOCIETA' SAN PAOLO Via A.Severo, 58 - ROMA (RM) & PERIODICI SAN PAOLO SRL Via Giotto, 36 MILANO & CISF Via Giotto, 36 MILANO & EDIZIONI SAN PAOLO SRL,  Piazza Soncino, 5 CINISELLO BALSAMO (MI) -- ITALY